000 00651nam a2200241Ia 4500
001 UByD000916
003 AR-LpoUNG
005 20241226102126.0
008 220901s1971||||gw |||||||||||||| ||ger||
040 _aAR-LpoUNG
_bspa
_cAR-LpoUNG
_eaacr
041 1 _ager
082 0 _aBr863 331ara
100 1 _aVasconcelos, José Mauro de
245 1 0 _aAra ara :
_babenteuer im brasilianischen urwald
260 _aHamburg :
_aDüsseldorf :
_bVerlag GmbH,
_c1971.
300 _a319 p.
650 4 _aLITERATURA
650 4 _aNOVELAS
650 4 _aLITERATURA BRASILEÑA
700 1 _aJolowittz, Marianne
_etr.
905 _aCJPM242
942 _cLIB
_2ddc
999 _c61942
_d61942